00297pab a2200121 454500008004000000100001600040245004300056260000900099300001700108362001100125650001900136773002000155180718b2006 xxu||||| |||| 00| 0 eng d aSingh, S.N. aBuddha's vision on marginalised groups c2006 ap.85-90,101. a30 Jan aBuddha, Gautam aUniversity News